000 00705nam a22002057a 4500
005 20100809164922.0
010 _aENG-99221
035 _aEN-82753
037 _bDBAD/PUB
082 _a004
100 _aSaravanakumar, E.
_910499
245 _aFundamentals of computing and programming /
_cby E. Saravankumar
260 _aHosur
_bS. S. Publishers
_c2009
270 _aPlot No. 53, Samathanapuram
_bHosur
_e635126
300 _avarious pagings
_c25cm (pbk)
650 _aComputer programming
_910500
650 _aComputer
_910501
942 _2ddc
_cEN
_h004
_mSAR
999 _c40471
_d40471